[Event "CAN-op"]
[Site "Edmonton CAN"]
[Date "2009.07.15"]
[Round "5.66"]
[White "Seehagen, Terry"]
[Black "Kuczaj, Chris"]
[Result "0-1"]
[WhiteElo "1756"]
[BlackElo "1902"]
[PlyCount "48"]
[GameId "2160767910156068"]
[EventDate "2009.07.11"]
[EventType "swiss"]
[EventRounds "9"]
[EventCountry "CAN"]
[SourceTitle "EXT 2022"]
[Source "ChessBase"]
[SourceDate "2021.10.06"]
[SourceVersion "1"]
[SourceVersionDate "2021.10.06"]
[SourceQuality "1"]

1. e4 c5 2. d4 cxd4 3. c3 Nf6 4. e5 Nd5 5. Bc4 Qc7 6. Qe2 Nb6 7. Bb3 Nc6 8. Bf4 e6 9. Nf3 dxc3 10. Nxc3 Bb4 11. Rc1 a6 12. O-O O-O 13. Bg3 d5 14. Qd3 Qd8 15. Ne2 Be7 16. Ned4 Bd7 17. Bc2 g6 18. Bb1 Rc8 19. b3 Ba3 20. Bh4 Qe8 21. Bf6 Bxc1 22. Rxc1 Nxd4 23. Qd2 Rxc1+ 24. Qxc1 Ne2+ 0-1

[Event "CAN-op"]
[Site "Edmonton CAN"]
[Date "2009.07.15"]
[Round "5.67"]
[White "Amasaib, Magdi"]
[Black "De Jong, Werner"]
[Result "0-1"]
[WhiteElo "1893"]
[BlackElo "1792"]
[PlyCount "118"]
[GameId "2160767910156069"]
[EventDate "2009.07.11"]
[EventType "swiss"]
[EventRounds "9"]
[EventCountry "CAN"]
[SourceTitle "EXT 2022"]
[Source "ChessBase"]
[SourceDate "2021.10.06"]
[SourceVersion "1"]
[SourceVersionDate "2021.10.06"]
[SourceQuality "1"]

1. e4 e6 2. d4 d5 3. exd5 exd5 4. Nf3 Nf6 5. Bg5 Be7 6. Bd3 Bg4 7. O-O O-O 8. Re1 Re8 9. c3 c6 10. Nbd2 Nbd7 11. Qc2 Nf8 12. Ne5 Bh5 13. Nef3 Bg6 14. Re2 Bxd3 15. Qxd3 Ne6 16. Be3 Ng4 17. Rae1 Qc7 18. Qf5 Nxe3 19. Rxe3 h6 20. Ne5 Bf6 21. Ndf3 Qc8 22. Ng4 Bg5 23. Nxg5 hxg5 24. Rh3 Nf8 25. Qb1 Qxg4 26. Rhe3 Rxe3 27. Rxe3 Qd7 28. Qe1 Ne6 29. g3 Re8 30. a3 Nc7 31. Qd2 Rxe3 32. Qxe3 g4 33. Kg2 Qe6 34. Qd2 Ne8 35. Qd1 Nf6 36. Qb3 Ne4 37. Qxb7 Qf5 38. Qb8+ Kh7 39. Qf4 Qxf4 40. gxf4 Nd2 41. Kg3 f5 42. h3 gxh3 43. Kxh3 Nc4 44. b3 Nxa3 45. Kh4 Kg6 46. f3 Nb5 47. c4 Nxd4 48. cxd5 cxd5 49. b4 Nc2 50. b5 Na3 51. Kg3 Nxb5 52. Kf2 a5 53. Ke3 a4 54. Kd3 a3 55. Kc2 d4 56. Kb3 d3 57. Ka2 d2 58. Ka1 d1=Q+ 59. Ka2 Qc2+ 0-1

[Event "CAN-op"]
[Site "Edmonton CAN"]
[Date "2009.07.15"]
[Round "5.68"]
[White "Moran-Venegas, Mario"]
[Black "Fokkema, Jerred"]
[Result "0-1"]
[WhiteElo "1738"]
[BlackElo "1864"]
[PlyCount "130"]
[GameId "2160767910156070"]
[EventDate "2009.07.11"]
[EventType "swiss"]
[EventRounds "9"]
[EventCountry "CAN"]
[SourceTitle "EXT 2022"]
[Source "ChessBase"]
[SourceDate "2021.10.06"]
[SourceVersion "1"]
[SourceVersionDate "2021.10.06"]
[SourceQuality "1"]

1. e4 c5 2. c3 e6 3. d4 d5 4. exd5 exd5 5. Nf3 c4 6. Bf4 Bd6 7. Bxd6 Qxd6 8. Be2 Nf6 9. O-O Bf5 10. Nh4 Bg6 11. Nd2 O-O 12. Nxg6 fxg6 13. Qc2 Nc6 14. Rae1 Rac8 15. Bf3 Rf7 16. Re2 Re7 17. Rfe1 Rce8 18. Nf1 Rxe2 19. Rxe2 Rxe2 20. Qxe2 Ne7 21. g3 Nf5 22. b3 cxb3 23. axb3 Qc6 24. g4 Nh4 25. Bh1 Qxc3 26. Bxd5+ Kf8 27. Bxb7 Qxd4 28. Ne3 g5 29. h3 Qd7 30. Qa6 Qd4 31. Qa3+ Kg8 32. Qc1 h6 33. Qc8+ Kh7 34. Qc2+ Kg8 35. Qc8+ Kf7 36. Qc7+ Qd7 37. Bd5+ Ke7 38. Qc5+ Kd8 39. Bc6 Qe7 40. Qd4+ Kc8 41. b4 Qc7 42. b5 Qxc6 43. Qxa7 Nf3+ 44. Kg2 Nh4+ 45. Kg1 Qxb5 46. Qxg7 Qb1+ 47. Nf1 Qg6 48. Qf8+ Kd7 49. Ne3 Ke6 50. Nf5 Nxf5 51. gxf5+ Kxf5 52. Qc8+ Ke5 53. Qc7+ Ke6 54. Qb7 Qe4 55. Qc8+ Kf7 56. Qc7+ Kg6 57. Qc1 Qf3 58. Qc4 Qxh3 59. Qc2+ Qf5 60. Qc1 Ne4 61. Qc6+ Kh5 62. Qe8+ Kh4 63. Qa4 Qxf2+ 64. Kh1 Qf3+ 65. Kg1 Kg3 0-1

[Event "CAN-op"]
[Site "Edmonton CAN"]
[Date "2009.07.15"]
[Round "5.69"]
[White "Razzaq, Ali"]
[Black "Fu, James"]
[Result "0-1"]
[WhiteElo "1859"]
[BlackElo "1764"]
[PlyCount "80"]
[GameId "2160767910156071"]
[EventDate "2009.07.11"]
[EventType "swiss"]
[EventRounds "9"]
[EventCountry "CAN"]
[SourceTitle "EXT 2022"]
[Source "ChessBase"]
[SourceDate "2021.10.06"]
[SourceVersion "1"]
[SourceVersionDate "2021.10.06"]
[SourceQuality "1"]

1. d4 Nf6 2. c4 e6 3. Nf3 b6 4. Nc3 d5 5. Bg5 Ba6 6. cxd5 exd5 7. Qb3 c6 8. Ne5 Be7 9. g3 h6 10. Bd2 O-O 11. Bg2 Bb7 12. O-O Nbd7 13. f4 Qc7 14. Rac1 Qd6 15. a3 Rac8 16. Na4 Ba6 17. Rc2 c5 18. dxc5 bxc5 19. Nxd7 Qxd7 20. Rcc1 Bxe2 21. Rfe1 c4 22. Qe3 Qxa4 23. Qxe7 Bd3 24. Qb4 Qc6 25. Bc3 Ne4 26. Be5 f6 27. Bd4 a6 28. Red1 Rb8 29. Qe1 Qa4 30. Bxe4 Bxe4 31. Bc3 Rfe8 32. Qf1 Bd3 33. Qf3 Re4 34. Re1 Rbe8 35. Rxe4 Rxe4 36. Qg4 Qe8 37. h4 d4 38. Bb4 c3 39. Kh2 f5 40. Qd1 Re2+ 0-1

[Event "CAN-op"]
[Site "Edmonton CAN"]
[Date "2009.07.15"]
[Round "5.70"]
[White "Haley, Phil"]
[Black "Quiring, John"]
[Result "1-0"]
[WhiteElo "1716"]
[BlackElo "1846"]
[PlyCount "61"]
[GameId "2160767910156072"]
[EventDate "2009.07.11"]
[EventType "swiss"]
[EventRounds "9"]
[EventCountry "CAN"]
[SourceTitle "EXT 2022"]
[Source "ChessBase"]
[SourceDate "2021.10.06"]
[SourceVersion "1"]
[SourceVersionDate "2021.10.06"]
[SourceQuality "1"]

1. c4 Nf6 2. Nc3 g6 3. g3 d5 4. cxd5 Nxd5 5. Bg2 c6 6. Nf3 Bg7 7. d4 b5 8. O-O Bb7 9. Nxd5 cxd5 10. Bf4 O-O 11. Qd2 Re8 12. Bh6 Bh8 13. Bf4 Nc6 14. Rfd1 Qb6 15. e3 a5 16. g4 b4 17. h4 f6 18. g5 Rad8 19. h5 Kf7 20. hxg6+ hxg6 21. Qd3 f5 22. Kh2 Bg7 23. Rh1 Rh8+ 24. Kg3 a4 25. Rxh8 Rxh8 26. Rh1 Ba6 27. Qd1 Rxh1 28. Qxh1 Bc4 29. Qh7 Qd8 30. Nh4 Bxa2 31. Qxg6+ 1-0

[Event "CAN-op"]
[Site "Edmonton CAN"]
[Date "2009.07.15"]
[Round "5.71"]
[White "Shanker, Raman"]
[Black "Ludwig, David"]
[Result "0-1"]
[WhiteElo "1839"]
[BlackElo "1680"]
[PlyCount "54"]
[GameId "2160767910156073"]
[EventDate "2009.07.11"]
[EventType "swiss"]
[EventRounds "9"]
[EventCountry "CAN"]
[SourceTitle "EXT 2022"]
[Source "ChessBase"]
[SourceDate "2021.10.06"]
[SourceVersion "1"]
[SourceVersionDate "2021.10.06"]
[SourceQuality "1"]

1. d4 Nf6 2. c4 e6 3. Nf3 Bb4+ 4. Bd2 Bxd2+ 5. Qxd2 d5 6. e3 O-O 7. Nc3 b6 8. cxd5 exd5 9. Bd3 Re8 10. O-O Bb7 11. Rac1 Ne4 12. Qc2 a6 13. Na4 Nc6 14. a3 Rc8 15. b4 Ne7 16. Ne5 Nf5 17. Nc6 Bxc6 18. Qxc6 Re6 19. Qc2 Qg5 20. Bxe4 dxe4 21. f4 exf3 22. Rxf3 Nxe3 23. Qd2 Qe7 24. Nxb6 Re8 25. Na4 Nd5 26. Nc5 Re2 27. Qd3 Qg5 0-1

[Event "CAN-op"]
[Site "Edmonton CAN"]
[Date "2009.07.15"]
[Round "5.72"]
[White "Armstrong, Robert J"]
[Black "Robertson, Trevor"]
[Result "0-1"]
[WhiteElo "1831"]
[BlackElo "1651"]
[PlyCount "62"]
[GameId "2160767910156074"]
[EventDate "2009.07.11"]
[EventType "swiss"]
[EventRounds "9"]
[EventCountry "CAN"]

1. d4 d5 2. c4 e6 3. e3 Nf6 4. Nf3 c6 5. Bd3 Nbd7 6. O-O Bd6 7. Nc3 O-O 8. b3 Re8 9. e4 dxe4 10. Nxe4 Nxe4 11. Bxe4 Nf6 12. Bc2 h6 13. Bb2 Bf8 14. Qd3 g6 15. Ne5 Bg7 16. Rfe1 Re7 17. Rad1 Qe8 18. Ba3 Bd7 19. Qg3 Nh5 20. Qh4 Nf6 21. Qg3 Nh5 22. Qf3 Nf6 23. d5 cxd5 24. Bxe7 Qxe7 25. cxd5 Rc8 26. Bb1 Nxd5 27. Nxg6 Qg5 28. Rxd5 exd5 29. h4 Qd2 30. Ne7+ Kh8 31. Qe4 dxe4 0-1

[Event "CAN-op"]
[Site "Edmonton CAN"]
[Date "2009.07.15"]
[Round "5.73"]
[White "Frier, Ken"]
[Black "Chaisson, Terry"]
[Result "1/2-1/2"]
[WhiteElo "1426"]
[BlackElo "1823"]
[PlyCount "118"]
[GameId "2160767910156075"]
[EventDate "2009.07.11"]
[EventType "swiss"]
[EventRounds "9"]
[EventCountry "CAN"]
[SourceTitle "EXT 2022"]
[Source "ChessBase"]
[SourceDate "2021.10.06"]
[SourceVersion "1"]
[SourceVersionDate "2021.10.06"]
[SourceQuality "1"]

1. e4 d5 2. exd5 Nf6 3. Nc3 Nxd5 4. Nxd5 Qxd5 5. Nf3 Bg4 6. Be2 e6 7. O-O Nc6 8. Re1 Bc5 9. c3 a6 10. d4 Ba7 11. Bf4 O-O-O 12. Qc2 f6 13. b3 h5 14. Nd2 g5 15. Be3 Bf5 16. Bd3 Ne7 17. Bxf5 Nxf5 18. Qe4 c6 19. Qxd5 exd5 20. Nf3 Nxe3 21. Rxe3 Rde8 22. Rae1 Rxe3 23. Rxe3 Kd7 24. h3 Bb8 25. g3 a5 26. Ne1 Re8 27. Rxe8 Kxe8 28. Kg2 Bd6 29. Nd3 Ke7 30. f3 Ke6 31. Kf2 b6 32. f4 Kf5 33. Kf3 gxf4 34. Nxf4 Ba3 35. Nd3 c5 36. b4 c4 37. Ne1 axb4 38. cxb4 Bxb4 39. Nc2 Bc3 40. a4 Ke6 41. g4 hxg4+ 42. hxg4 Bd2 43. Kg3 Bg5 44. Kf3 Kd6 45. Kg3 Kc6 46. Kf3 Bd2 47. Ke2 Bc3 48. Kf3 b5 49. axb5+ Kxb5 50. Kf4 Bd2+ 51. Kf5 Bg5 52. Ke6 Kc6 53. Nb4+ Kc7 54. Kxd5 c3 55. Kc4 Bd2 56. Nd5+ Kd6 57. Nxc3 Ke6 58. Ne4 Bc1 59. Nxf6 Kxf6 1/2-1/2

[Event "CAN-op"]
[Site "Edmonton CAN"]
[Date "2009.07.15"]
[Round "5.74"]
[White "Davidson, Brian"]
[Black "Goodman, Clifford"]
[Result "0-1"]
[WhiteElo "1814"]
[BlackElo "1630"]
[PlyCount "82"]
[GameId "2160767910156076"]
[EventDate "2009.07.11"]
[EventType "swiss"]
[EventRounds "9"]
[EventCountry "CAN"]
[SourceTitle "EXT 2022"]
[Source "ChessBase"]
[SourceDate "2021.10.06"]
[SourceVersion "1"]
[SourceVersionDate "2021.10.06"]
[SourceQuality "1"]

1. d4 Nf6 2. c4 g6 3. Bg5 Bg7 4. Nc3 O-O 5. Nf3 d6 6. e4 Nbd7 7. Be2 h6 8. Bh4 g5 9. Bg3 Nh5 10. O-O Nxg3 11. fxg3 c5 12. d5 Ne5 13. Rb1 f5 14. Nd2 fxe4 15. Ndxe4 Bf5 16. Rxf5 Rxf5 17. g4 Rf7 18. Ng3 Qf8 19. Nf5 Rxf5 20. gxf5 Qxf5 21. Qd2 Rf8 22. Rf1 Qg6 23. Nb5 Rxf1+ 24. Bxf1 Qb1 25. b3 Ng4 26. Qe2 a6 27. Nc7 Bd4+ 28. Kh1 Ne3 29. h3 Qxf1+ 30. Qxf1 Nxf1 31. Ne6 Be5 32. Nd8 b5 33. cxb5 axb5 34. Nc6 Kf7 35. Kg1 Nd2 36. Kf2 b4 37. Ke2 Ne4 38. Kd3 Nc3 39. Kc4 Bf6 40. Nd8+ Kg6 41. Ne6 Nxa2 0-1

[Event "CAN-op"]
[Site "Edmonton CAN"]
[Date "2009.07.15"]
[Round "5.75"]
[White "Zeggelaar, Mike"]
[Black "McKay, Tom"]
[Result "1-0"]
[WhiteElo "1810"]
[BlackElo "1614"]
[PlyCount "125"]
[GameId "2160767910156077"]
[EventDate "2009.07.11"]
[EventType "swiss"]
[EventRounds "9"]
[EventCountry "CAN"]

1. e4 e5 2. Nf3 Nc6 3. Bb5 a6 4. Ba4 Nf6 5. O-O d6 6. Re1 b5 7. Bb3 Be7 8. c3 Na5 9. Bc2 c5 10. h3 O-O 11. d4 Nc6 12. d5 Nb8 13. Nbd2 Nbd7 14. Nf1 Re8 15. g4 Nf8 16. Ng3 g6 17. Bg5 N6d7 18. Qd2 Bxg5 19. Nxg5 f6 20. Nf3 Qe7 21. a4 Nb6 22. axb5 axb5 23. Rxa8 Nxa8 24. Ra1 Nb6 25. Bd3 c4 26. Bc2 Qc7 27. Nh4 Re7 28. Kh2 Rf7 29. Qh6 Qc5 30. Kg2 Qc7 31. Qe3 Kg7 32. Bd1 Qd8 33. f4 Qc7 34. f5 g5 35. Nh5+ Kh8 36. Nf3 h6 37. Bc2 Nh7 38. h4 Kg8 39. hxg5 hxg5 40. Rh1 Qd8 41. Kg3 Qc7 42. Rh3 Qd8 43. Qg1 Nd7 44. Kg2 Nc5 45. Ng3 Qe7 46. Qh2 Na4 47. Rh6 Nxb2 48. Rg6+ Kf8 49. Qh6+ Ke8 50. Rg8+ Nf8 51. Nh5 Kd7 52. Ng7 Na4 53. Ne6 Nxc3 54. Nxf8+ Kc7 55. Ne6+ Kd7 56. Rd8+ Qxd8 57. Nxd8 Kxd8 58. Qh8+ Kd7 59. Qg8 Re7 60. Nd2 Ne2 61. Qf8 Nf4+ 62. Kf3 Nh3 63. Nxc4 1-0

[Event "CAN-op"]
[Site "Edmonton CAN"]
[Date "2009.07.15"]
[Round "5.76"]
[White "Nguyen, Kim"]
[Black "Magnusson, Saul"]
[Result "1-0"]
[WhiteElo "2140"]
[BlackElo "1568"]
[PlyCount "100"]
[GameId "2160767910156078"]
[EventDate "2009.07.11"]
[EventType "swiss"]
[EventRounds "9"]
[EventCountry "CAN"]
[SourceTitle "EXT 2022"]
[Source "ChessBase"]
[SourceDate "2021.10.06"]
[SourceVersion "1"]
[SourceVersionDate "2021.10.06"]
[SourceQuality "1"]

1. e4 Nf6 2. e5 Nd5 3. d4 d6 4. c4 Nb6 5. exd6 cxd6 6. Nc3 g6 7. Be3 Bg7 8. Rc1 O-O 9. b3 Nc6 10. d5 Ne5 11. Be2 Nbd7 12. f4 Bh6 13. Qd2 f5 14. fxe5 f4 15. e6 Ne5 16. Nf3 fxe3 17. Qc2 Rf5 18. O-O Nxf3+ 19. Rxf3 Rxf3 20. Bxf3 Qb6 21. Kh1 Qd4 22. Rd1 Qe5 23. Qd3 b6 24. Re1 Bb7 25. Nd1 Qa1 26. Qe2 Bg7 27. Nxe3 Qb2 28. Qxb2 Bxb2 29. g4 Rf8 30. Kg2 h6 31. Be4 Kg7 32. Rf1 Rf6 33. h4 Rxf1 34. Nxf1 a6 35. Kf3 Kf6 36. Ne3 b5 37. Bd3 bxc4 38. bxc4 a5 39. a4 Bc1 40. Ke4 Ba6 41. Nc2 Bb2 42. Nd4 Bb7 43. Nb3 Bc3 44. c5 dxc5 45. Nxc5 Ba8 46. Nd7+ Kg7 47. Ba6 h5 48. gxh5 gxh5 49. Nb6 Bxd5+ 50. Nxd5 Kf8 1-0

[Event "CAN-op"]
[Site "Edmonton CAN"]
[Date "2009.07.15"]
[Round "5.77"]
[White "Taylor, James"]
[Black "Dean, Tim"]
[Result "0-1"]
[WhiteElo "1570"]
[BlackElo "1990"]
[PlyCount "46"]
[GameId "2160767910156079"]
[EventDate "2009.07.11"]
[EventType "swiss"]
[EventRounds "9"]
[EventCountry "CAN"]

1. e4 e5 2. Nf3 Nc6 3. Bb5 a6 4. Ba4 Nf6 5. O-O Be7 6. Re1 b5 7. Bb3 O-O 8. c3 d5 9. exd5 Nxd5 10. Nxe5 Nxe5 11. Rxe5 c6 12. d4 Bd6 13. Re1 Qh4 14. g3 Qh3 15. Re4 g5 16. Qf1 Qh5 17. Nd2 Bf5 18. Bxd5 cxd5 19. Re3 Rfe8 20. Qe1 Bd7 21. Nf3 Qxf3 22. Bd2 Rxe3 23. Bxe3 Bh3 0-1

[Event "CAN-op"]
[Site "Edmonton CAN"]
[Date "2009.07.15"]
[Round "5.78"]
[White "Thomson, Bruce"]
[Black "Ventura, Jason"]
[Result "1-0"]
[WhiteElo "1555"]
[BlackElo "1879"]
[PlyCount "67"]
[GameId "2160767910156080"]
[EventDate "2009.07.11"]
[EventType "swiss"]
[EventRounds "9"]
[EventCountry "CAN"]
[SourceTitle "EXT 2022"]
[Source "ChessBase"]
[SourceDate "2021.10.06"]
[SourceVersion "1"]
[SourceVersionDate "2021.10.06"]
[SourceQuality "1"]

1. d4 f5 2. g3 e6 3. Bg2 d5 4. Nf3 Nf6 5. b3 c6 6. a4 Ne4 7. O-O Nd7 8. Nbd2 Ndf6 9. Nxe4 Nxe4 10. Bd2 Bd6 11. Ne5 O-O 12. Bxe4 fxe4 13. f3 exf3 14. exf3 Qb6 15. Bf4 c5 16. Be3 c4 17. bxc4 Bxe5 18. c5 Qc7 19. dxe5 Qxe5 20. Bd4 Qh5 21. f4 Qh3 22. Rf2 Bd7 23. Qf1 Qh5 24. a5 a6 25. Qe2 Qe8 26. Qe3 Qe7 27. Re1 Rae8 28. f5 Qd8 29. Qe5 Rf6 30. fxe6 Rexe6 31. Qxd5 Qxa5 32. Rfe2 Bc6 33. Qb3 Qxe1+ 34. Rxe1 1-0

[Event "CAN-op"]
[Site "Edmonton CAN"]
[Date "2009.07.15"]
[Round "5.80"]
[White "Asquith, Tom"]
[Black "Thomas, Derek"]
[Result "1/2-1/2"]
[WhiteElo "1753"]
[BlackElo "1532"]
[PlyCount "88"]
[GameId "2160767910156082"]
[EventDate "2009.07.11"]
[EventType "swiss"]
[EventRounds "9"]
[EventCountry "CAN"]
[SourceTitle "EXT 2022"]
[Source "ChessBase"]
[SourceDate "2021.10.06"]
[SourceVersion "1"]
[SourceVersionDate "2021.10.06"]
[SourceQuality "1"]

1. Nf3 d5 2. c4 e6 3. e3 Nf6 4. b3 b6 5. Bb2 Bb7 6. d4 Nbd7 7. Bd3 c5 8. O-O Bd6 9. Nbd2 Bb8 10. Qc2 h6 11. a3 O-O 12. h3 Qc7 13. Ne5 Nxe5 14. dxe5 Nd7 15. f4 Rd8 16. Nf3 Qc6 17. Rad1 dxc4 18. Bxc4 a6 19. Rf2 b5 20. Bf1 Bc7 21. Rfd2 Nb6 22. Rc1 Nd7 23. Qd1 Nb6 24. Bd4 Nd7 25. Ba1 Nb6 26. Qc2 Rxd2 27. Nxd2 Nd7 28. Nf3 Bb6 29. Kh2 Qc8 30. Qf2 Bc7 31. Bd3 Bd5 32. Qc2 Bb6 33. e4 Bb7 34. f5 Bc7 35. Qf2 exf5 36. exf5 Bxf3 37. gxf3 Nxe5 38. Bxe5 Bxe5+ 39. Kg2 Bd4 40. Qg3 Qb8 41. Qg4 Qe5 42. Be4 Rd8 43. Qh4 Qd6 44. Rd1 Qf6 1/2-1/2

[Event "CAN-op"]
[Site "Edmonton CAN"]
[Date "2009.07.15"]
[Round "5.81"]
[White "Einarsson, Ken"]
[Black "MacFie, Matthew"]
[Result "1-0"]
[WhiteElo "1734"]
[BlackElo "1197"]
[PlyCount "23"]
[GameId "2160767910156083"]
[EventDate "2009.07.11"]
[EventType "swiss"]
[EventRounds "9"]
[EventCountry "CAN"]
[SourceTitle "EXT 2022"]
[Source "ChessBase"]
[SourceDate "2021.10.06"]
[SourceVersion "1"]
[SourceVersionDate "2021.10.06"]
[SourceQuality "1"]

1. d4 d6 2. c4 Nc6 3. Nf3 b6 4. Nc3 Ba6 5. e4 Qd7 6. Qa4 Bb7 7. d5 O-O-O 8. dxc6 Bxc6 9. Qxa7 Qe6 10. Bd3 Qf6 11. Nd5 e5 12. Qxc7# 1-0

[Event "CAN-op"]
[Site "Edmonton CAN"]
[Date "2009.07.15"]
[Round "5.82"]
[White "Virji, Naveed"]
[Black "Medvedev, Gennadi"]
[Result "0-1"]
[WhiteElo "1398"]
[BlackElo "1702"]
[PlyCount "126"]
[GameId "2160767910156084"]
[EventDate "2009.07.11"]
[EventType "swiss"]
[EventRounds "9"]
[EventCountry "CAN"]

1. e4 e5 2. Nf3 Nc6 3. d4 exd4 4. Nxd4 Qf6 5. Nxc6 Qxc6 6. Nc3 Bb4 7. Bd2 Bxc3 8. Bxc3 Qxe4+ 9. Be2 Qxg2 10. Bf3 Qg5 11. Qe2+ Ne7 12. h4 Qh6 13. Bd2 Qe6 14. Qxe6 dxe6 15. O-O-O c6 16. Bc3 f6 17. Rhg1 Rg8 18. Bb4 Nd5 19. Bxd5 cxd5 20. Bc3 Kf7 21. h5 Bd7 22. Rd4 Bc6 23. f4 h6 24. Rf1 g6 25. hxg6+ Rxg6 26. f5 exf5 27. Rxf5 Re8 28. Rdf4 Re6 29. Bd4 b6 30. Rh4 Re4 31. Rxf6+ Rxf6 32. Bxf6 Rxh4 33. Bxh4 Kg6 34. Kd2 Kf5 35. b3 h5 36. Kd3 Kg4 37. Bf2 h4 38. Bxh4 Kxh4 39. c4 Kg5 40. Kd4 dxc4 41. Kxc4 Kf6 42. Kb4 Ke6 43. a4 Kd5 44. a5 b5 45. Kc3 a6 46. b4 Ke4 47. Kb3 Kd3 48. Kb2 Bd5 49. Ka3 Kc4 50. Ka2 Kxb4+ 51. Kb2 Kxa5 52. Ka3 b4+ 53. Kb2 Ka4 54. Ka1 Kb3 55. Kb1 Kc3 56. Ka1 a5 57. Kb1 b3 58. Ka1 Bf3 59. Kb1 a4 60. Ka1 b2+ 61. Kb1 Be4+ 62. Ka2 b1=Q+ 63. Ka3 Qb3# 0-1

[Event "CAN-op"]
[Site "Edmonton CAN"]
[Date "2009.07.15"]
[Round "5.83"]
[White "Panteluk, Steven"]
[Black "Orr, Douglas"]
[Result "1-0"]
[WhiteElo "1682"]
[BlackElo "1424"]
[PlyCount "65"]
[GameId "2160767910156085"]
[EventDate "2009.07.11"]
[EventType "swiss"]
[EventRounds "9"]
[EventCountry "CAN"]
[SourceTitle "EXT 2022"]
[Source "ChessBase"]
[SourceDate "2021.10.06"]
[SourceVersion "1"]
[SourceVersionDate "2021.10.06"]
[SourceQuality "1"]

1. d4 d5 2. Nf3 e6 3. c4 Nf6 4. Nc3 Be7 5. g3 Nbd7 6. Bg2 O-O 7. c5 c6 8. O-O b6 9. b4 bxc5 10. dxc5 a5 11. b5 cxb5 12. Nxb5 Nxc5 13. a4 Ba6 14. Ne5 Bxb5 15. axb5 Bd6 16. Nc6 Qc7 17. Qc2 Nfd7 18. Be3 Be5 19. Nxe5 Nxe5 20. Qxc5 Qxc5 21. Bxc5 Rfc8 22. Bd4 Nc4 23. b6 Rcb8 24. e4 Nd2 25. Rfe1 dxe4 26. Bxe4 Nb3 27. Bxa8 Nxa1 28. Rxa1 Rxa8 29. b7 Rb8 30. Rb1 a4 31. Ba7 a3 32. Bxb8 a2 33. Ra1 1-0

[Event "CAN-op"]
[Site "Edmonton CAN"]
[Date "2009.07.15"]
[Round "5.84"]
[White "Nichols, Darren"]
[Black "Sponga, George"]
[Result "0-1"]
[WhiteElo "1420"]
[BlackElo "1671"]
[PlyCount "72"]
[GameId "2160767910156086"]
[EventDate "2009.07.11"]
[EventType "swiss"]
[EventRounds "9"]
[EventCountry "CAN"]
[SourceTitle "EXT 2022"]
[Source "ChessBase"]
[SourceDate "2021.10.06"]
[SourceVersion "1"]
[SourceVersionDate "2021.10.06"]
[SourceQuality "1"]

1. e4 g6 2. d4 Bg7 3. e5 c6 4. Nf3 b6 5. Bf4 h6 6. Bd3 e6 7. Nbd2 Na6 8. Ne4 Ne7 9. Nd6+ Kf8 10. Qd2 Nc7 11. Bg3 Nf5 12. O-O-O Nxd6 13. exd6 Nd5 14. Ne5 h5 15. c4 Bh6 16. f4 Nf6 17. Bh4 Kg7 18. h3 Qf8 19. c5 Nd5 20. g3 a5 21. Kb1 b5 22. a3 b4 23. a4 Rb8 24. Ka2 b3+ 25. Ka3 Rb4 26. Rc1 Rxd4 27. Rc4 Rxd3 28. Nxd3 Ba6 29. Rcc1 Qb8 30. Qxa5 Bxd3 31. Qd2 Bc2 32. Qd4+ f6 33. Rhf1 Kf7 34. g4 hxg4 35. hxg4 Bg7 36. Qf2 Qb4# 0-1

[Event "CAN-op"]
[Site "Edmonton CAN"]
[Date "2009.07.15"]
[Round "5.85"]
[White "Marshall, Jim"]
[Black "Miller, David"]
[Result "1/2-1/2"]
[WhiteElo "1661"]
[BlackElo "1450"]
[PlyCount "60"]
[GameId "2160767910156087"]
[EventDate "2009.07.11"]
[EventType "swiss"]
[EventRounds "9"]
[EventCountry "CAN"]
[SourceTitle "EXT 2022"]
[Source "ChessBase"]
[SourceDate "2021.10.06"]
[SourceVersion "1"]
[SourceVersionDate "2021.10.06"]
[SourceQuality "1"]

1. e4 e5 2. Nf3 Nc6 3. d4 exd4 4. Bc4 Nf6 5. O-O Be7 6. e5 Ng4 7. Re1 d5 8. Bd3 Bh4 9. g3 Be7 10. Bf1 Be6 11. Nbd2 Qd7 12. Nb3 O-O-O 13. Nbxd4 Nxd4 14. Nxd4 Nh6 15. Bxh6 gxh6 16. Nxe6 Qxe6 17. Qh5 Kb8 18. Bh3 Qg6 19. Qxg6 hxg6 20. f4 c5 21. Rad1 Kc7 22. Bg2 d4 23. Bf1 f5 24. exf6 Bxf6 25. Re6 Rd6 26. Rde1 Rhd8 27. Bd3 g5 28. f5 a6 29. g4 b5 30. b3 R8d7 1/2-1/2

[Event "CAN-op"]
[Site "Edmonton CAN"]
[Date "2009.07.15"]
[Round "5.86"]
[White "Cosenza, Aaron"]
[Black "Neumann, Ralph"]
[Result "0-1"]
[WhiteElo "1456"]
[BlackElo "1654"]
[PlyCount "72"]
[GameId "2160767910156088"]
[EventDate "2009.07.11"]
[EventType "swiss"]
[EventRounds "9"]
[EventCountry "CAN"]
[SourceTitle "EXT 2022"]
[Source "ChessBase"]
[SourceDate "2021.10.06"]
[SourceVersion "1"]
[SourceVersionDate "2021.10.06"]
[SourceQuality "1"]

1. e4 c5 2. Nf3 d6 3. c4 Nc6 4. d4 cxd4 5. Nxd4 g6 6. Nc3 Bg7 7. Be3 a6 8. Be2 Nf6 9. O-O O-O 10. Rc1 Bd7 11. f3 e6 12. Qd2 Qc7 13. Rfd1 Nxd4 14. Bxd4 Ne8 15. b3 Bc6 16. Bxg7 Kxg7 17. Nb5 Qb6+ 18. Kf1 axb5 19. cxb5 Bxb5 20. Qc3+ Kg8 21. Bxb5 Qxb5+ 22. Kg1 Rxa2 23. Rc2 Rxc2 24. Qxc2 Qc5+ 25. Qxc5 dxc5 26. Rd7 b5 27. Rb7 b4 28. Rb5 Nd6 29. Rxc5 Rb8 30. Kf2 Rc8 31. Ra5 Rc2+ 32. Kg3 Rb2 33. Ra8+ Kg7 34. Rd8 Rd2 35. Kf4 e5+ 36. Kg3 Nxe4+ 0-1

[Event "CAN-op"]
[Site "Edmonton CAN"]
[Date "2009.07.15"]
[Round "5.87"]
[White "Roberts, Richard"]
[Black "Sullivan, Brian"]
[Result "0-1"]
[WhiteElo "1418"]
[BlackElo "1643"]
[PlyCount "124"]
[GameId "2160767910156089"]
[EventDate "2009.07.11"]
[EventType "swiss"]
[EventRounds "9"]
[EventCountry "CAN"]
[SourceTitle "EXT 2022"]
[Source "ChessBase"]
[SourceDate "2021.10.06"]
[SourceVersion "1"]
[SourceVersionDate "2021.10.06"]
[SourceQuality "1"]

1. d4 d5 2. c4 c6 3. Nc3 Nf6 4. h3 e6 5. a3 Nbd7 6. Bg5 Be7 7. Nf3 O-O 8. e3 h6 9. Bh4 b6 10. Bd3 Bb7 11. Rb1 a5 12. O-O Ba6 13. Bxf6 Bxf6 14. b3 Qc7 15. Qe2 Rfe8 16. Bc2 e5 17. Qd1 exd4 18. Nxd4 dxc4 19. bxc4 Bxc4 20. Bd3 Bxd3 21. Qxd3 Rad8 22. Nce2 Nc5 23. Qc2 Rd7 24. Nf5 Red8 25. Neg3 Rd2 26. Qc4 Ne6 27. Qg4 Kh7 28. Nxh6 g6 29. Nhf5 R2d5 30. e4 Rd2 31. Nh5 Qe5 32. Nhg3 Kg8 33. Nh6+ Kf8 34. Qf3 Qg5 35. Ng4 Bg7 36. Rfe1 Nd4 37. Qe3 Qxe3 38. Nxe3 b5 39. Ngf1 Ne2+ 40. Kh2 Ra2 41. Ng4 Rd4 42. e5 Ke7 43. Nfe3 Rdd2 44. h4 f6 45. exf6+ Bxf6 46. Nf1 Rdc2 47. Rbd1 Bc3 48. Rxe2+ Rxe2 49. Ng3 Be5 50. Kh3 Bxg3 51. Kxg3 Rxa3+ 52. f3 Raa2 53. Kf4 Re6 54. g3 Rae2 55. Kg5 a4 56. f4 a3 57. Rc1 a2 58. Ne5 Rb2 59. Nxc6+ Rxc6 60. Rxc6 a1=Q 61. Kxg6 Rg2 62. Rc7+ Kd6 0-1